000 00368nam a2200145Ia 4500
008 230711s9999||||xx |||||||||||||| ||und||
041 _aENG
082 _a624
_bKA-T
100 _aKadiyali,L.R
245 0 _aTraffic engineering and transport planning
250 _a1st Ed.
260 _c1991
_aNew delhi
_bKhanna Publishers
650 _aCivil Engineering
942 _cBK
999 _c2280
_d2280